[Event "Madrid San Viator op-B 28th"]
[Site "Madrid"]
[Date "2017.05.28"]
[Round "8"]
[White "Jarne Anguita, Miguel"]
[Black "Aguilar Guzman, Reynaldo"]
[Result "1-0"]
[WhiteElo "1463"]
[BlackElo "1558"]
[PlyCount "91"]
[EventDate "2017.03.26"]
[EventType "swiss"]
[EventRounds "9"]
[EventCountry "ESP"]
[SourceTitle "EXT 2019"]
[Source "ChessBase"]
[SourceDate "2018.10.10"]
[SourceVersion "1"]
[SourceVersionDate "2018.10.10"]
[SourceQuality "1"]

1. d4 d5 2. Nf3 g6 3. e3 Nf6 4. Nbd2 Bg7 5. b3 Bg4 6. Be2 Nc6 7. Bb2 0-0 8. 0-0 Re8 9. c4 dxc4 10. Nxc4 b5 11. Nce5 Nxe5 12. Nxe5 Bxe2 13. Qxe2 a6 14. Rac1 Qd6 15. Rc6 Qd8 16. Rfc1 Ra7 17. Qc2 Nd5 18. Qc5 Nb6 19. Rxc7 Rxc7 20. Qxc7 Qxc7 21. Rxc7 Nd5 22. Rd7 Bxe5 23. dxe5 e6 24. Rd6 Ra8 25. e4 Nb4 26. a3 Nc2 27. Rd2 Rc8 28. Rd6 b4 29. a4 a5 30. g3 Rc5 31. Kf1 Kf8 32. Ke2 Na3 33. Kd3 Ke7 34. Rb6 Nc2 35. Rb5 Rc7 36. Rxa5 Ne1+ 37. Ke3 Rc2 38. Bd4 Rc7 39. Ra7 Kd7 40. a5 Nc2+ 41. Kd3 Nxd4 42. Rxc7+ Kxc7 43. Kxd4 Kc6 44. Kc4 Kb7 45. Kxb4 Ka6 46. Ka4 1-0

[Event "Madrid San Viator op-B 28th"]
[Site "Madrid"]
[Date "2017.04.23"]
[Round "4"]
[White "Rodriguez Nieto, Miguel Angel"]
[Black "Jarne Anguita, Miguel"]
[Result "1-0"]
[WhiteElo "1738"]
[BlackElo "1463"]
[PlyCount "80"]
[EventDate "2017.03.26"]
[EventType "swiss"]
[EventRounds "9"]
[EventCountry "ESP"]
[SourceTitle "EXT 2019"]
[Source "ChessBase"]
[SourceDate "2018.10.10"]
[SourceVersion "1"]
[SourceVersionDate "2018.10.10"]
[SourceQuality "1"]

1. c4 e5 2. Nc3 Nf6 3. Nf3 Nc6 4. d3 Bc5 5. a3 a6 6. b4 Ba7 7. Bg5 d6 8. e3 Be6 9. Be2 Qd7 10. Nd2 d5 11. Bxf6 gxf6 12. cxd5 Bxd5 13. Nxd5 Qxd5 14. Ne4 0-0-0 15. 0-0 Rhg8 16. Bf3 Qe6 17. Nc5 Bxc5 18. bxc5 Qd7 19. Qa4 Na7 20. Qe4 Nc6 21. Rab1 Qxd3 22. Bg4+ Rxg4 23. Qxg4+ Kb8 24. Qa4 Kc8 25. Rb2 Na7 26. Qb4 Nb5 27. a4 Nc3 28. Qxb7+ Kd7 29. c6+ Ke8 30. Qb4 Ne2+ 31. Rxe2 Qxe2 32. g3 Qd3 33. Qb7 Qc4 34. a5 Qe6 35. Qxa6 Rd6 36. Rc1 Kd8 37. Qb7 Qc8 38. a6 Rd5 39. a7 Ra5 40. Rd1+ Ke8 1-0

[Event "Madrid San Viator op 23rd"]
[Site "Madrid"]
[Date "2014.09.28"]
[Round "1"]
[White "Cortijo Manso, Luis"]
[Black "Jarne Anguita, Miguel"]
[Result "0-1"]
[WhiteElo "1546"]
[BlackElo "1387"]
[PlyCount "92"]
[EventDate "2014.09.28"]
[EventType "swiss"]
[EventRounds "9"]
[EventCountry "ESP"]
[SourceTitle "EXT 2016"]
[Source "ChessBase"]
[SourceDate "2015.10.08"]
[SourceVersion "1"]
[SourceVersionDate "2015.10.08"]
[SourceQuality "1"]

1. d4 d5 2. c4 e6 3. Nf3 Nf6 4. g3 b6 5. Bg2 Bd6 6. 0-0 0-0 7. Qc2 Bb7 8. Nc3 a6 9. Nd2 Nbd7 10. e4 dxe4 11. Ndxe4 Rb8 12. Nxd6 cxd6 13. Bf4 e5 14. dxe5 dxe5 15. Be3 Qc7 16. b3 Nc5 17. Nd5 Nxd5 18. cxd5 Rbd8 19. Qc4 Qd6 20. Rfd1 Rfe8 21. Rac1 Rc8 22. Qg4 Qg6 23. Qxg6 hxg6 24. b4 Nd7 25. Bh3 f5 26. Bf1 Rxc1 27. Rxc1 Bxd5 28. Bxa6 Bxa2 29. Bb5 Be6 30. Bxb6 Rb8 31. Bxd7 Rxb6 32. Bxe6+ Rxe6 33. b5 Rb6 34. Rb1 Kf7 35. f3 Ke6 36. Kf2 Kd5 37. Ke3 g5 38. Rd1+ Kc5 39. Rd7 g6 40. Re7 Kd6 41. Ra7 Kd5 42. Rd7+ Kc4 43. Re7 Rxb5 44. Re6 f4+ 45. Ke4 Rb2 46. Rxe5 Re2# 0-1

[Event "Tres Cantos op 4th"]
[Site "Tres Cantos"]
[Date "2012.06.25"]
[Round "5"]
[White "Jarne Anguita, Miguel"]
[Black "Cortijo Manso, Luis"]
[Result "1/2-1/2"]
[WhiteElo "1327"]
[BlackElo "1561"]
[PlyCount "144"]
[EventDate "2012.06.21"]
[EventType "swiss"]
[EventRounds "9"]
[EventCountry "ESP"]
[SourceTitle "CBM 149 Extra"]
[Source "ChessBase"]
[SourceDate "2012.08.24"]
[SourceVersion "1"]
[SourceVersionDate "2012.08.24"]
[SourceQuality "1"]

1. d4 Nf6 2. Nf3 g6 3. e3 d5 4. Nbd2 Bg7 5. b3 0-0 6. Bb2 Nbd7 7. Bd3 c5 8. 0-0 cxd4 9. exd4 b6 10. c4 Bb7 11. Re1 e6 12. Ne5 Re8 13. Rc1 Nxe5 14. dxe5 Nd7 15. Nf3 Nc5 16. Bb1 Bh6 17. Rc2 a5 18. Nd4 Na6 19. Nb5 Bf8 20. Qf3 Nc5 21. Qf6 Be7 22. Qf4 Nd3 23. Qe3 Nxe1 24. Qxe1 dxc4 25. Rxc4 Qd5 26. Be4 Qxb5 27. Bxb7 a4 28. Bxa8 Rxa8 29. Qe4 Rd8 30. h3 axb3 31. axb3 Qxb3 32. Qc2 Qxc2 33. Rxc2 Rd1+ 34. Kh2 Bc5 35. Re2 h5 36. h4 Rf1 37. Kh3 Rd1 38. Rc2 Rd3+ 39. Kh2 Rd5 40. f3 b5 41. Bc3 b4 42. Bb2 Bd4 43. Bxd4 Rxd4 44. Kh3 b3 45. Rc8+ Kg7 46. Rb8 Rd3 47. Kg3 f5 48. Rb7+ Kh6 49. Rb4 Rc3 50. Kf4 Rc2 51. Rxb3 Rxg2 52. Rb6 Rh2 53. Kg3 Re2 54. Rxe6 Kg7 55. Re7+ Kf8 56. Re6 Kf7 57. Ra6 Rxe5 58. Kf4 Rb5 59. Kg5 Rb1 60. Rf6+ Ke7 61. Rxg6 Rg1+ 62. Kxh5 Rf1 63. Rg3 f4 64. Rh3 Kf6 65. Kg4 Ke5 66. h5 Rg1+ 67. Kh4 Kf5 68. h6 Rg6 69. Kh5 Rg5+ 70. Kh4 Rg6 71. Kh5 Rg5+ 72. Kh4 Rg6 1/2-1/2